00830nam a2200205 i 4500001000700000003000900007005001700016007000300033008004100036080002500077100003000102245010900132260004600241300003000287490004200317700003100359700002100390830004200411852017100453186341ES-MaACL20250920063114.0t|161026s1927 sp a |||| | cat d a821.134.2(72)-14"18"1 aNervo, Amado, d1870-191913aEl estanque de los lotos / cAmado Nervo ; [texto al cuidado de Alfonso Reyes ; ilustraciones de Marco]. aMadrid : bBiblioteca Nueva, cimp. 1927. a235 p. : bil. ; c19 cm.1 aObras completas de Amado Nervo ; v181 aReyes, Alfonso,d1889-19591 aMarco, Fernando.0 aObras completas de Amado Nervo ; v18 aES-MaACLjA-5048 z- Enc. tela roja Calleja z. - Donat. de la Junta de Intercambio y Adquisición de Libros para Bibliotecas Públicas t- Ejemp. numerado n. 04364